| 000 | 01688cam a2200481 a 4500 | ||
|---|---|---|---|
| 001 | 20609 | ||
| 003 | VRT | ||
| 005 | 20260127141331.0 | ||
| 008 | 230403s1952 xo o gr 000 j slo | ||
| 015 | _aSNBA19451955-004788 | ||
| 020 | _q(viazané) | ||
| 035 | _aSK01SNKBKSFS20010069154 | ||
| 035 | _aurn:nbn:sk:snk-am3ihus | ||
| 035 | _aFC0A01C8-7735-4CEA-BD4E-E732F9948E0D | ||
| 035 | _aurn:nbn:sk:snk-am00eeln | ||
| 035 | _aSKM000071617 | ||
| 039 | 9 |
_a202304032047 _bVLOAD _c202212050954 _dVLOAD _c202205110905 _dVLOAD _c202106231929 _dVLOAD |
|
| 040 |
_aSNK _bslo _cSNK _eAACR2 |
||
| 041 | 0 | _aslo | |
| 044 |
_axo _cSK |
||
| 080 |
_a821.162.4-3 _22011 |
||
| 080 |
_a(082.21) _22011 |
||
| 100 | 1 |
_aJilemnický, Peter, _d1901-1949 _4aut |
|
| 245 | 1 | 0 |
_aVýber z diela _cPeter Jilemnický ; výber sostavila Viera Bunčáková |
| 250 | _aVydanie prvé | ||
| 260 |
_aBratislava _bSmena _c1952 _eMartin _fSeveroslovenské tlačiarne |
||
| 300 |
_a303 strán, 4 nečíslované strany obrazových príloh _bfotografie _c25 cm |
||
| 366 | _e10500 kusov | ||
| 490 | 1 |
_aKnižnica strednej školy _vsv. 1 |
|
| 504 | _aObsahuje vysvetlivky | ||
| 600 | 1 | 7 |
_aJilemnický, Peter, _d1901-1949 _2SNKMA |
| 655 | 7 |
_aslovenské prózy _2SNKPH |
|
| 655 | 7 |
_avýbery _2SNKPH |
|
| 700 | 1 |
_aBunčáková, Viera, _d1920-2003 _4com _4aut |
|
| 830 | 0 | _aKnižnica strednej školy | |
| 910 | _asnk | ||
| 942 |
_2ddc _cKLDO _n0 |
||
| 949 |
_617A0568944 _asnkSC 13259 _bsnkKSK 422/59 _s6100:20200217 |
||
| 949 |
_6273K0419781 _asvkpoB 13558 _bsvkpo51419 |
||
| 949 |
_6270001000134418 _asvkbbS 71721 _p27.967 |
||
| 949 |
_617A1152701 _asnkSC 13259 D1 _bsnkK 4110/66 |
||
| 999 |
_c20609 _d20609 |
||